[Event "European Youth Chess Championship G16"]
[Site "Prague, Top Hotel Prague"]
[Date "2016.08.26"]
[Round "8.6"]
[White "Kochukova, Anna"]
[Black "Leser, Katrin"]
[Result "1-0"]
[WhiteElo "2041"]
[BlackElo "1979"]
[PlyCount "43"]
[EventDate "2016.08.18"]

1. e4 e6 2. c4 d5 3. exd5 exd5 4. cxd5 Qxd5 5. Nc3 Qa5 6. Nf3 Nf6 7. Bc4 Be7 8.
O-O O-O 9. d4 c6 10. Bf4 Nd5 11. Bd2 Nxc3 12. bxc3 Bf5 13. Re1 Bf6 14. Qb3 Qc7
15. Ne5 Bg6 16. Bf4 Qc8 17. Nxg6 hxg6 18. Bd6 Qd7 19. Bxf8 Kxf8 20. Re2 b5 21.
Rae1 Na6 22. Qa3+ 1-0

[Event "European Youth Chess Championship G16"]
[Site "Prague, Top Hotel Prague"]
[Date "2016.08.26"]
[Round "8.7"]
[White "Protopopova, Anastasiya"]
[Black "Rogozenco, Teodora"]
[Result "1-0"]
[WhiteElo "2108"]
[BlackElo "2071"]
[PlyCount "59"]
[EventDate "2016.08.18"]

1. d4 Nf6 2. c4 g6 3. Nc3 Bg7 4. e4 d6 5. h3 O-O 6. Be3 c5 7. Nf3 cxd4 8. Nxd4
Nc6 9. Be2 Nxd4 10. Bxd4 Qa5 11. O-O Qg5 12. f4 Qh6 13. Be3 Kh8 14. Qd2 Qh4 15.
Bf2 Qh6 16. Be3 Qh4 17. Bf2 Qh6 18. Rad1 Nh5 19. Nd5 Bxh3 20. gxh3 e6 21. Bxh5
Qxh5 22. Nc3 Qxh3 23. Qd3 Qh5 24. Kg2 Rac8 25. b3 Kg8 26. Nb5 a6 27. Nxd6 Rfd8
28. Qh3 Qxh3+ 29. Kxh3 Rc7 30. Bb6 1-0

[Event "European Youth Chess Championship G16"]
[Site "Prague, Top Hotel Prague"]
[Date "2016.08.26"]
[Round "8.8"]
[White "Sliwicka, Alicja"]
[Black "Grigoryan, Arpine"]
[Result "1-0"]
[WhiteElo "2138"]
[BlackElo "1964"]
[PlyCount "67"]
[EventDate "2016.08.18"]

1. e4 c6 2. d4 d5 3. Nc3 dxe4 4. Nxe4 Bf5 5. Ng3 Bg6 6. Nh3 e6 7. Nf4 Bd6 8.
Ngh5 Bxh5 9. Nxh5 g6 10. Nf4 Nf6 11. g3 O-O 12. Bg2 e5 13. dxe5 Qa5+ 14. c3
Qxe5+ 15. Be3 Nbd7 16. O-O Bc5 17. Nd3 Qe7 18. Nxc5 Nxc5 19. Re1 Rfd8 20. Bd4
Ne6 21. Qe2 Nd7 22. c4 Qf8 23. Bc3 Nb6 24. b3 Rd7 25. Bh3 Re8 26. Qe5 Qg7 27.
Qxg7+ Nxg7 28. Rxe8+ Nxe8 29. Bxd7 Nxd7 30. Rd1 Nc5 31. Rd8 Kf8 32. Bb4 b6 33.
Bxc5+ bxc5 34. Rc8 1-0

[Event "European Youth Chess Championship G16"]
[Site "Prague, Top Hotel Prague"]
[Date "2016.08.26"]
[Round "8.9"]
[White "Frej, Zofia"]
[Black "Bojicic, Andjela"]
[Result "0-1"]
[WhiteElo "1881"]
[BlackElo "2110"]
[PlyCount "128"]
[EventDate "2016.08.18"]

1. e4 c5 2. Nf3 d6 3. d4 cxd4 4. Nxd4 Nf6 5. Nc3 g6 6. Be3 Bg7 7. h3 O-O 8. Qd2
Nc6 9. O-O-O Bd7 10. g4 Nxd4 11. Bxd4 Bc6 12. Bg2 b5 13. g5 Nd7 14. Bxg7 Kxg7
15. h4 Qa5 16. Kb1 Ne5 17. Qd4 Kg8 18. Nd5 Bxd5 19. exd5 Rac8 20. b3 Qc3 21.
Qxc3 Rxc3 22. Rh3 Rc5 23. f4 Nd7 24. Re3 Re8 25. Kb2 Nb6 26. Rd2 Kf8 27. Red3
Rec8 28. Bf3 b4 29. h5 a5 30. Bg4 R8c7 31. hxg6 fxg6 32. Rd4 Rc3 33. f5 gxf5
34. Bxf5 Rg3 35. Bxh7 Rxg5 36. a3 e6 37. Be4 e5 38. Rf2+ Rf7 39. Rdd2 Rg4 40.
Rxf7+ Kxf7 41. Re2 Kf6 42. axb4 axb4 43. c3 bxc3+ 44. Kxc3 Kg5 45. Re3 Rg1 46.
Re2 Kf4 47. Kd2 Ra1 48. Kd3 Rd1+ 49. Kc2 Rd4 50. Bg2 Nxd5 51. Bxd5 Rxd5 52. b4
e4 53. Rf2+ Kg3 54. Rf6 e3 55. Re6 Kf2 56. Rf6+ Ke2 57. Rf4 Rb5 58. Kc3 Rb7 59.
Rc4 Kf3 60. Kd3 Re7 61. Rc1 e2 62. Re1 Kf2 63. Kd2 Re5 64. b5 Rd5+ 0-1

[Event "European Youth Chess Championship G16"]
[Site "Prague, Top Hotel Prague"]
[Date "2016.08.26"]
[Round "8.10"]
[White "Mirza, Diana"]
[Black "Antolak, Julia"]
[Result "0-1"]
[WhiteElo "1925"]
[BlackElo "2103"]
[PlyCount "62"]
[EventDate "2016.08.18"]

1. e4 c5 2. Nf3 e6 3. d3 Nc6 4. g3 d5 5. Nbd2 g6 6. Bg2 Bg7 7. O-O Nge7 8. Re1
Qc7 9. c3 b6 10. Nf1 Ba6 11. exd5 Nxd5 12. Ne3 Nxe3 13. fxe3 Rd8 14. d4 O-O 15.
Qa4 Bb7 16. dxc5 bxc5 17. e4 Na5 18. Bg5 Rc8 19. Rad1 Qb6 20. Kh1 Bc6 21. Qc2
f5 22. e5 Nc4 23. b3 Bxf3 24. Bxf3 Nxe5 25. Bg2 Nf7 26. Be7 Rfe8 27. Rd7 Rc7
28. Rxc7 Qxc7 29. Rxe6 Rxe7 30. Qe2 Rxe6 31. Qxe6 Qe5 0-1

[Event "European Youth Chess Championship G16"]
[Site "Prague, Top Hotel Prague"]
[Date "2016.08.26"]
[Round "8.11"]
[White "Koridze, Lile"]
[Black "Broly, Mathilde"]
[Result "1/2-1/2"]
[WhiteElo "1937"]
[BlackElo "2098"]
[PlyCount "92"]
[EventDate "2016.08.18"]

1. d4 Nf6 2. c4 g6 3. Nc3 d5 4. cxd5 Nxd5 5. Bd2 Bg7 6. e4 Nxc3 7. Bxc3 c5 8.
d5 O-O 9. Nf3 Nd7 10. Bd3 Nf6 11. O-O e6 12. d6 Rb8 13. Qc2 b6 14. Be5 Nd7 15.
Bxg7 Kxg7 16. e5 f6 17. exf6+ Nxf6 18. Rfe1 Qxd6 19. Ne5 Nd7 20. Nc4 Qe7 21.
Qc3+ Kg8 22. Be4 Nf6 23. Qe5 Ba6 24. Ne3 Qf7 25. Bc2 Bb7 26. Rad1 Bd5 27. a3 a5
28. Qd6 Rfd8 29. Qe5 b5 30. Qc3 c4 31. Qxa5 Nh5 32. Qc3 Rf8 33. Ng4 Qg7 34. Ne5
Nf4 35. Be4 Rbd8 36. Bxd5 exd5 37. Nc6 Qxc3 38. bxc3 Rde8 39. Rxe8 Rxe8 40. Kf1
Ra8 41. Ne7+ Kf7 42. Nxd5 Nxd5 43. Rxd5 Rxa3 44. Rxb5 h5 45. Ke2 Rxc3 46. Kd2
Ra3 1/2-1/2

[Event "European Youth Chess Championship G16"]
[Site "Prague, Top Hotel Prague"]
[Date "2016.08.26"]
[Round "8.12"]
[White "Avetisyan, Mariam"]
[Black "Ayazmali, Gizem"]
[Result "1-0"]
[WhiteElo "2079"]
[BlackElo "1816"]
[PlyCount "63"]
[EventDate "2016.08.18"]

1. d4 Nf6 2. Nf3 g6 3. Bf4 Bg7 4. e3 O-O 5. Be2 d6 6. h3 Nbd7 7. c4 b6 8. Nc3
Bb7 9. O-O Ne4 10. Nxe4 Bxe4 11. b4 e5 12. Bh2 a5 13. a3 Qe7 14. Qd2 f5 15.
Rad1 Bxf3 16. Bxf3 e4 17. Be2 axb4 18. axb4 Nf6 19. Ra1 Rfd8 20. Rfc1 c5 21. b5
Ne8 22. Rxa8 Rxa8 23. dxc5 Rd8 24. cxb6 Be5 25. Bxe5 dxe5 26. Qa5 Qc5 27. Ra1
Nd6 28. Rd1 f4 29. Rd5 Qc8 30. c5 Nb7 31. Qa2 Kg7 32. c6 1-0

[Event "European Youth Chess Championship G16"]
[Site "Prague, Top Hotel Prague"]
[Date "2016.08.26"]
[Round "8.13"]
[White "Karykowska, Anna"]
[Black "Polterauer, Chiara"]
[Result "1-0"]
[WhiteElo "1772"]
[BlackElo "2009"]
[PlyCount "115"]
[EventDate "2016.08.18"]

1. e4 e5 2. Nf3 Nc6 3. Nc3 Nf6 4. d4 exd4 5. Nxd4 Bb4 6. Nxc6 bxc6 7. Bd3 O-O
8. O-O d5 9. exd5 cxd5 10. Bg5 c6 11. Na4 Qd6 12. Qf3 Bg4 13. Qf4 Qxf4 14. Bxf4
Rfe8 15. a3 Bf8 16. Be3 Nd7 17. h3 Be6 18. b4 g6 19. Bd4 Bg7 20. Bxg7 Kxg7 21.
f4 Bf5 22. Rfe1 Be4 23. Bxe4 dxe4 24. Rad1 Nb6 25. Nc5 f5 26. Rd6 Rac8 27. Kf2
Kf7 28. g4 Red8 29. Red1 Nd5 30. Rxd8 Rxd8 31. c4 e3+ 32. Ke1 fxg4 33. hxg4 h5
34. gxh5 gxh5 35. cxd5 cxd5 36. Ke2 d4 37. Nb3 Kg6 38. Nxd4 Re8 39. Rg1+ Kf6
40. Nc2 Kf5 41. Rg5+ Kxf4 42. Rxh5 Re7 43. Rh4+ Ke5 44. Kxe3 Kd5+ 45. Kd3 Rb7
46. Rh5+ Kd6 47. Nd4 Rd7 48. Kc3 Kc7 49. Ra5 Kb6 50. Nb3 a6 51. Nd4 Rc7+ 52.
Kb3 Re7 53. Ka4 Ra7 54. Nb3 Kc7 55. Nc5 Kb8 56. Nxa6+ Ka8 57. Nc5 Rxa5+ 58.
Kxa5 1-0

[Event "European Youth Chess Championship G16"]
[Site "Prague, Top Hotel Prague"]
[Date "2016.08.26"]
[Round "8.14"]
[White "Pasoglou, Ekaterini"]
[Black "Koehler, Inken"]
[Result "1/2-1/2"]
[WhiteElo "1938"]
[BlackElo "2008"]
[PlyCount "98"]
[EventDate "2016.08.18"]

1. d4 d5 2. c4 c6 3. Nf3 Nf6 4. e3 Bf5 5. Qb3 Qb6 6. c5 Qc7 7. Nc3 e6 8. Nh4
Bg6 9. Nxg6 hxg6 10. h3 Nbd7 11. Qc2 Be7 12. Be2 g5 13. g3 g4 14. h4 Rh5 15.
Qd1 g5 16. Bxg4 Nxg4 17. Qxg4 Nf6 18. Qf3 gxh4 19. Rxh4 Rxh4 20. gxh4 O-O-O 21.
Bd2 Rh8 22. O-O-O Rxh4 23. Rh1 Rxh1+ 24. Qxh1 Qd8 25. b4 Qg8 26. b5 cxb5 27.
Nxb5 a6 28. Nc3 Kd7 29. Qh2 Kc6 30. Na4 Qd8 31. f3 Qc7 32. Qg2 Bd8 33. Be1 Qe7
34. Qc2 e5 35. Nb6 Bxb6 36. cxb6+ Kxb6 37. Qb2+ Ka7 38. dxe5 Qc5+ 39. Qc3 Nd7
40. Qxc5+ Nxc5 41. Kc2 Kb6 42. Bb4 Ne6 43. Kd3 Kc6 44. f4 Kd7 45. Ba5 Ng7 46.
Kd4 Nf5+ 47. Kxd5 Nxe3+ 48. Kd4 Nf5+ 49. Ke4 Ke6 $11 1/2-1/2

[Event "European Youth Chess Championship G16"]
[Site "Prague, Top Hotel Prague"]
[Date "2016.08.26"]
[Round "8.15"]
[White "Cvitan, Ena"]
[Black "Ayan, Bengu Sena"]
[Result "0-1"]
[WhiteElo "2045"]
[BlackElo "1835"]
[PlyCount "66"]
[EventDate "2016.08.18"]

1. d4 d5 2. c4 c6 3. cxd5 cxd5 4. Nc3 Nc6 5. e4 e6 6. e5 Nge7 7. Nf3 Nf5 8. Bb5
Be7 9. O-O Bd7 10. Ba4 Qb6 11. Ne2 O-O 12. Bc2 Rac8 13. a3 Na5 14. b4 Nc4 15.
g4 Nh4 16. Nxh4 Bxh4 17. Qd3 g6 18. Bh6 Rfe8 19. g5 Qd8 20. f4 Nb2 21. Qb3 Ba4
22. Qxb2 Rxc2 23. Qxc2 Bxc2 24. Rf3 Qb6 25. Rc1 Rc8 26. Kg2 Rc6 27. Kh3 Bf5+
28. Kxh4 Rxc1 29. Nxc1 Qxd4 30. Ne2 Qd1 31. Rf2 d4 32. h3 d3 33. Ng3 d2 0-1

[Event "European Youth Chess Championship G16"]
[Site "Prague, Top Hotel Prague"]
[Date "2016.08.26"]
[Round "8.16"]
[White "Brunova, Blanka"]
[Black "Vlkova, Anezka"]
[Result "1-0"]
[WhiteElo "1992"]
[BlackElo "1823"]
[PlyCount "79"]
[EventDate "2016.08.18"]

1. e4 e5 2. Nf3 Nf6 3. d4 Nxe4 4. dxe5 d5 5. Nbd2 Bf5 6. Bd3 Nd7 7. O-O Ndc5 8.
Nb3 f6 9. Nfd4 Bg6 10. f4 fxe5 11. Bb5+ c6 12. Nxc6 Qb6 13. Ncd4+ Kd8 14. fxe5
Nxb3 15. Rxf8+ Rxf8 16. cxb3 Bh5 17. Qd3 Be2 18. Qxe2 Qxd4+ 19. Be3 Qxe5 20.
Qg4 Rf7 21. Rc1 Nf6 22. Qe2 Ne4 23. Qe1 Rc8 24. Rd1 Ke7 25. Bd4 Qf4 26. Bxa7
Kf8 27. Rxd5 Rc1 28. Bc5+ Kg8 29. Rd8+ Rf8 30. Rxf8+ Qxf8 31. Qxc1 Qxc5+ 32.
Qxc5 Nxc5 33. Kf2 Kf8 34. Ke3 Ke7 35. b4 Ne6 36. a4 Kd6 37. a5 Nc7 38. Bc4 h6
39. Kd4 g6 40. b5 1-0

[Event "European Youth Chess Championship G16"]
[Site "Prague, Top Hotel Prague"]
[Date "2016.08.26"]
[Round "8.17"]
[White "Cieslak, Wiktoria"]
[Black "Vrtiakova, Anna"]
[Result "1-0"]
[WhiteElo "1865"]
[BlackElo "1952"]
[PlyCount "101"]
[EventDate "2016.08.18"]

1. e4 c5 2. Nf3 d6 3. d4 cxd4 4. Nxd4 Nf6 5. Nc3 a6 6. Bg5 Nbd7 7. f4 Qc7 8.
Qf3 h6 9. Bh4 g5 10. fxg5 hxg5 11. Bxg5 Qc5 12. Be3 Ne5 13. Qe2 Neg4 14. Bg1
Bh6 15. Nb3 Qc6 16. Na5 Qc7 17. Nc4 b5 18. Nb6 Rb8 19. Ncd5 Nxd5 20. Nxd5 Qa5+
21. c3 Be6 22. Bd4 Ne5 23. Nb4 Rc8 24. Qf2 Qc7 25. Bxe5 dxe5 26. Nxa6 Qc6 27.
Nb4 Qxe4+ 28. Qe2 Qxe2+ 29. Bxe2 Bc4 30. Bxc4 Rxc4 31. g3 f5 32. O-O e6 33.
Rae1 e4 34. Nc2 Bg7 35. Ne3 Rc7 36. Re2 Be5 37. Nxf5 exf5 38. Rxf5 Bd6 39.
Rxe4+ Kd8 40. Rxb5 Rch7 41. Rd5 Kc7 42. Re6 Rxh2 43. Rexd6 Rxb2 44. Rd2 Rb1+
45. Kg2 Rc1 46. R6d3 Ra8 47. g4 Ra4 48. Rd4 Ra3 49. Rc4+ Kb6 50. Rb2+ Ka5 51.
Rc8 1-0

[Event "European Youth Chess Championship G16"]
[Site "Prague, Top Hotel Prague"]
[Date "2016.08.26"]
[Round "8.18"]
[White "Silva, Ana Ines Teixeira Da"]
[Black "Limanovska, Elizabete"]
[Result "1-0"]
[WhiteElo "1781"]
[BlackElo "1924"]
[PlyCount "49"]
[EventDate "2016.08.18"]

1. e4 c5 2. Nc3 Nc6 3. g3 g6 4. Bg2 Bg7 5. d3 e6 6. f4 Nge7 7. Be3 d6 8. Nf3
O-O 9. O-O Nd4 10. e5 Nef5 11. Bf2 Nxf3+ 12. Qxf3 Rb8 13. Ne4 b6 14. g4 Bb7 15.
Qh3 Bxe4 16. dxe4 Nd4 17. Bh4 Qc7 18. exd6 Qxd6 19. e5 Qc7 20. c3 Nc6 21. Bf6
h6 22. Qh4 Kh7 23. Rf3 Bxf6 24. exf6 Rbc8 25. Qxh6+ 1-0

[Event "European Youth Chess Championship G16"]
[Site "Prague, Top Hotel Prague"]
[Date "2016.08.26"]
[Round "8.19"]
[White "Panainte, Andreea-Bianca"]
[Black "Greibrokk, Ingrid"]
[Result "1-0"]
[WhiteElo "1799"]
[BlackElo "1912"]
[PlyCount "73"]
[EventDate "2016.08.18"]

1. e4 c5 2. c4 Nc6 3. Nc3 g6 4. g3 Bg7 5. Bg2 e6 6. Nge2 Nge7 7. O-O O-O 8. d3
a6 9. Be3 Nd4 10. f4 d6 11. Rb1 Nec6 12. a3 Qc7 13. b4 Rb8 14. Qd2 Bd7 15. bxc5
dxc5 16. e5 Rfd8 17. Ne4 Nxe2+ 18. Qxe2 Nd4 19. Qf2 Ba4 20. Nd6 Nb3 21. Bf3 f6
22. Bg4 h5 23. Bxe6+ Kh7 24. Bd5 fxe5 25. fxe5 Rf8 26. Nf7 Rbe8 27. Qg2 Bxe5
28. Ng5+ Kh8 29. Rxf8+ Rxf8 30. Ne6 Qe7 31. Nxf8 Qxf8 32. Rf1 Qd6 33. Rf7 Bc6
34. Bxc6 bxc6 35. Qf1 Nd4 36. Rf8+ Kg7 37. Qf7# 1-0

[Event "European Youth Chess Championship G16"]
[Site "Prague, Top Hotel Prague"]
[Date "2016.08.26"]
[Round "8.20"]
[White "Khristenko, Anna"]
[Black "Milovanova, Maria"]
[Result "1-0"]
[WhiteElo "1957"]
[BlackElo "2138"]
[PlyCount "111"]
[EventDate "2016.08.18"]

1. d4 Nf6 2. Nf3 d5 3. g3 b5 4. Bg2 Bb7 5. O-O e6 6. b3 Nbd7 7. c4 dxc4 8. bxc4
bxc4 9. Na3 Bd5 10. Ne5 Bxg2 11. Kxg2 c3 12. Qc2 Bd6 13. Qxc3 O-O 14. Nac4 Nd5
15. Qf3 Nxe5 16. dxe5 Bc5 17. Rd1 Qe8 18. Ba3 Bxa3 19. Nxa3 f6 20. Rac1 fxe5
21. Qe4 Qf7 22. f3 Rad8 23. Qxe5 Qg6 24. Kh1 Qh6 25. Nb5 Rf5 26. Qe4 Rh5 27. h4
Rd7 28. f4 Rf7 29. e3 g5 30. Nc3 gxf4 31. exf4 Nxf4 32. Rd8+ Kg7 33. Rg1 Ng6
34. Ne2 Re5 35. Qd4 Qe3 36. Nf4 Qxd4 37. Rxd4 Kh6 38. Nxg6 Kxg6 39. Ra4 c6 40.
Rc1 Re2 41. Rg4+ Kh6 42. a4 Rd7 43. Kg1 c5 44. Kf1 Rh2 45. Kg1 Ra2 46. Re1 Rd6
47. Rc1 Rd4 48. Rg5 Rd3 49. Rf1 Rxg3+ 50. Rxg3 Rxa4 51. Rc3 Rg4+ 52. Kf2 Kh5
53. Rxc5+ Kh6 54. Re1 Rxh4 55. Rxe6+ Kg7 56. Re7+ 1-0

[Event "European Youth Chess Championship G16"]
[Site "Prague, Top Hotel Prague"]
[Date "2016.08.26"]
[Round "8.21"]
[White "Shpanko, Nadiia"]
[Black "Stashis, Anna"]
[Result "1-0"]
[WhiteElo "2102"]
[BlackElo "1926"]
[PlyCount "91"]
[EventDate "2016.08.18"]

1. d4 f5 2. Nc3 d5 3. Bf4 a6 4. Nf3 Nf6 5. e3 e6 6. Bd3 c5 7. dxc5 Bxc5 8. O-O
O-O 9. Ne2 Nc6 10. c4 Bd6 11. Bg5 dxc4 12. Bxc4 Na5 13. Bb3 Nxb3 14. Qxb3 Kh8
15. Rfd1 Qe7 16. Nf4 e5 17. Nd5 Be6 18. Nxe7 Bxb3 19. axb3 Bxe7 20. Nxe5 Kg8
21. Nd7 Nxd7 22. Bxe7 Rf7 23. Rxd7 Re8 24. Rxb7 Rexe7 25. Rxe7 Rxe7 26. Rxa6
Rb7 27. Ra3 Rd7 28. Ra1 Rb7 29. Kf1 Rxb3 30. Rb1 Kf7 31. Ke2 Ke6 32. Kd2 Ke5
33. Kc2 Rb6 34. b4 Rb7 35. Rb2 Kd5 36. Kd3 g5 37. b5 Rb6 38. Rb4 h5 39. Kc3 h4
40. Rd4+ Kc5 41. Rc4+ Kd5 42. Kb4 g4 43. Rd4+ Ke5 44. Ka5 Rb8 45. b6 Ra8+ 46.
Kb5 1-0

[Event "European Youth Chess Championship G16"]
[Site "Prague, Top Hotel Prague"]
[Date "2016.08.26"]
[Round "8.22"]
[White "Olde, Margareth"]
[Black "Imperor, Amelie"]
[Result "1-0"]
[WhiteElo "2059"]
[BlackElo "1874"]
[PlyCount "127"]
[EventDate "2016.08.18"]

1. c4 e5 2. Nc3 Nc6 3. g3 g6 4. Bg2 Bg7 5. Nf3 Nf6 6. d3 O-O 7. O-O d6 8. Rb1
a5 9. a3 h6 10. b4 axb4 11. axb4 Be6 12. b5 Ne7 13. Bb2 Qd7 14. Re1 Bh3 15. Bh1
Ng4 16. e3 f5 17. Ne2 g5 18. Bg2 Bxg2 19. Kxg2 e4 20. Nfg1 Bxb2 21. Rxb2 Ra3
22. Nc1 Ng6 23. h3 N4e5 24. dxe4 Nxc4 25. Qd5+ Qf7 26. Rc2 Qxd5 27. exd5 Nge5
28. Nf3 Rf7 29. Ne2 Nxf3 30. Kxf3 Ne5+ 31. Kg2 Rd3 32. Nd4 f4 33. Rec1 fxe3 34.
fxe3 g4 35. h4 Nf3 36. Rxc7 Rd2+ 37. Kf1 Nxd4+ 38. Rxf7 Kxf7 39. exd4 Rxd4 40.
Rc7+ Ke8 41. Rxb7 Rxd5 42. Ke2 Kd8 43. b6 Kc8 44. Rc7+ Kb8 45. Rg7 Re5+ 46. Kf2
h5 $11 47. Rg6 Rd5 48. Rg5 Re5 49. Rg6 Rd5 50. Ke3 Kb7 51. Ke4 Rd1 52. Rh6 Rg1
53. Kf4 Rf1+ 54. Kg5 Rf3 55. Kxh5 Rxg3 56. Rxd6 Rg1 57. Kh6 Rb1 58. Rd3 Kxb6
59. Kg6 Kc7 60. h5 Rg1 61. h6 g3 62. h7 Rh1 63. Rxg3 Kd7 64. Kg7 1-0

[Event "European Youth Chess Championship G16"]
[Site "Prague, Top Hotel Prague"]
[Date "2016.08.26"]
[Round "8.23"]
[White "Gailiunaite, Saule"]
[Black "Henderson, de La Fuente Andrea"]
[Result "0-1"]
[WhiteElo "1844"]
[BlackElo "2027"]
[PlyCount "62"]
[EventDate "2016.08.18"]

1. d4 d6 2. c4 e5 3. d5 f5 4. Nc3 Nf6 5. Nf3 g6 6. Bg5 Bg7 7. e4 h6 8. Bxf6
Bxf6 9. Bd3 O-O 10. Nd2 f4 11. b4 a5 12. a3 axb4 13. axb4 Rxa1 14. Qxa1 Na6 15.
Qa3 Bh4 16. Nf3 Be7 17. Na4 g5 18. c5 dxc5 19. Bxa6 bxa6 20. bxc5 Bf6 21. O-O
g4 22. Nd2 f3 23. gxf3 Bg5 24. d6 Bf4 25. Rd1 Qh4 26. Kf1 Qxh2 27. dxc7 g3 28.
Qa2+ Kh8 29. Nb1 Bh3+ 30. Ke1 Qg1+ 31. Ke2 Qxf2+ 0-1

[Event "European Youth Chess Championship G16"]
[Site "Prague, Top Hotel Prague"]
[Date "2016.08.26"]
[Round "8.24"]
[White "Scarpa, Silvia"]
[Black "Hrescak, Ivana"]
[Result "1/2-1/2"]
[WhiteElo "1848"]
[BlackElo "2007"]
[PlyCount "92"]
[EventDate "2016.08.18"]

1. e4 c5 2. Nc3 Nc6 3. f4 g6 4. Nf3 Bg7 5. Bb5 Nd4 6. Nxd4 cxd4 7. Ne2 Qb6 8.
Bc4 e6 9. d3 Ne7 10. O-O Qc5 11. Ng3 h5 12. Qf3 h4 13. Ne2 b5 14. Bb3 Bb7 15.
Qf2 h3 16. Ng3 hxg2 17. Qxg2 Bf6 18. Qf2 Bh4 19. c3 Bxg3 20. hxg3 Qh5 21. Qg2
dxc3 22. bxc3 d5 23. Bd1 Qh7 24. Bf3 dxe4 25. Bxe4 Bxe4 26. dxe4 Rd8 27. Be3
Qh5 28. Bd4 Rh7 29. Rad1 b4 30. cxb4 Nc6 31. g4 Qb5 32. Be3 Qxb4 33. Rxd8+ Nxd8
34. Rd1 Qc3 35. Qd2 Qxd2 36. Rxd2 f6 37. Kg2 Rc7 38. Kf3 Rc3 39. Ke2 Rc7 40.
Kf3 Rh7 41. Kg3 Rc7 42. Bd4 Rd7 43. Bc3 Rxd2 44. Bxd2 Nc6 45. Bc3 e5 46. fxe5
fxe5 1/2-1/2

[Event "European Youth Chess Championship G16"]
[Site "Prague, Top Hotel Prague"]
[Date "2016.08.26"]
[Round "8.25"]
[White "Nazarova, Anastasia"]
[Black "Yurovskikh, Yasmin"]
[Result "1/2-1/2"]
[WhiteElo "2006"]
[BlackElo "1842"]
[PlyCount "65"]
[EventDate "2016.08.18"]

1. e4 c6 2. d4 d5 3. Nc3 dxe4 4. Nxe4 Bf5 5. Ng3 Bg6 6. Nh3 e6 7. Nf4 Bd6 8.
Bc4 Nf6 9. O-O Qc7 10. Nd3 Nbd7 11. Re1 h5 12. Nf1 O-O 13. Qe2 c5 14. Ne5 Bh7
15. Nxd7 Qxd7 16. dxc5 Bxc5 17. Be3 Qc7 18. Rad1 Rac8 19. Bb3 Bg6 20. Bxc5 Qxc5
21. Qf3 b6 22. c3 Ng4 23. h3 Ne5 24. Qg3 Nc4 25. Bxc4 Qxc4 26. Ne3 Qc7 27. Qxc7
Rxc7 28. Rd2 Rfc8 29. Red1 Kf8 30. Nf1 Ke7 31. Nh2 Be4 32. Rd4 Bd5 33. a3 $11
1/2-1/2

[Event "European Youth Chess Championship G16"]
[Site "Prague, Top Hotel Prague"]
[Date "2016.08.26"]
[Round "8.26"]
[White "Nass, Sara"]
[Black "Waechter, Nathalie"]
[Result "0-1"]
[WhiteElo "1814"]
[BlackElo "1993"]
[PlyCount "52"]
[EventDate "2016.08.18"]

1. e4 e6 2. d4 d5 3. Nd2 a6 4. Ngf3 Nf6 5. e5 Nfd7 6. Bd3 c5 7. c3 Nc6 8. Nf1
cxd4 9. cxd4 Qb6 10. Qa4 Bb4+ 11. Bd2 Bxd2+ 12. N1xd2 Qxb2 13. O-O Qb4 14. Qxb4
Nxb4 15. Bb1 O-O 16. Nb3 Nb6 17. a3 Nc6 18. Rc1 h6 19. Bd3 Nd7 20. Nc5 Nxc5 21.
Rxc5 Bd7 22. Rb1 Rab8 23. Rb6 Rfc8 24. h4 Kf8 25. g4 Ke7 26. g5 Nxd4 0-1

[Event "European Youth Chess Championship G16"]
[Site "Prague, Top Hotel Prague"]
[Date "2016.08.26"]
[Round "8.27"]
[White "Urbanc, Ana"]
[Black "Egyed, Judit"]
[Result "0-1"]
[WhiteElo "1681"]
[BlackElo "1979"]
[PlyCount "72"]
[EventDate "2016.08.18"]

1. e4 d6 2. d4 Nf6 3. Nc3 g6 4. f4 Bg7 5. Nf3 c5 6. dxc5 Qa5 7. Bd3 Qxc5 8. Qe2
a6 9. Be3 Qa5 10. O-O O-O 11. h3 Nc6 12. Nd4 Nxd4 13. Bxd4 Qb4 14. Be3 Bd7 15.
Rab1 Bc6 16. Bd2 Qb6+ 17. Qf2 Qc7 18. Qh4 b5 19. a3 a5 20. b4 axb4 21. axb4 Ra3
22. Qf2 Rfa8 23. Rfe1 Qb7 24. Qe2 Rb8 25. Ra1 Rxa1 26. Rxa1 Nxe4 27. Ra3 Nxd2
28. Qxd2 Qb6+ 29. Kh2 e5 30. Ra5 exf4 31. Nxb5 Be5 32. Kh1 f3 33. Bf1 fxg2+ 34.
Bxg2 Bxb5 35. Qd5 Qf2 36. Qe4 Bc6 0-1

[Event "European Youth Chess Championship G16"]
[Site "Prague, Top Hotel Prague"]
[Date "2016.08.26"]
[Round "8.28"]
[White "Nilssen, Ellen Fredericia"]
[Black "Kopcova, Ludmila"]
[Result "0-1"]
[WhiteElo "1947"]
[BlackElo "1738"]
[PlyCount "114"]
[EventDate "2016.08.18"]

1. d4 Nf6 2. c4 e6 3. Nc3 Bb4 4. e3 O-O 5. Bd3 c5 6. Nf3 d6 7. O-O Bxc3 8. bxc3
Nc6 9. e4 e5 10. d5 Ne7 11. Nh4 h6 12. f4 Ng6 13. Nxg6 fxg6 14. fxe5 dxe5 15.
Be3 b6 16. Qe1 Qd6 17. Qg3 g5 18. Kh1 Bd7 19. Bd2 Nh5 20. Qe3 Nf4 21. Be2 Rf6
22. g3 Nxe2 23. Qxe2 Bh3 24. Rxf6 Qxf6 25. Be3 Rf8 26. Rd1 Qf3+ 27. Qxf3 Rxf3
28. Bg1 Kf8 29. d6 Rf7 30. Rd5 Ke8 31. Rxe5+ Kd7 32. Rd5 Bg4 33. Be3 Bf3+ 34.
Kg1 Bxe4 35. Rd2 Rf6 36. h4 gxh4 37. gxh4 Rxd6 38. Rxd6+ Kxd6 39. Bf4+ Kc6 40.
Kf2 Bd3 41. Ke3 Bxc4 42. a3 Bf7 43. Kd3 Kb5 44. Bb8 a6 45. Bc7 Ka4 46. Bxb6 c4+
47. Kc2 Kxa3 48. Bd4 g5 49. hxg5 hxg5 50. Bb6 g4 51. Bc7 Bg6+ 52. Kc1 Kb3 53.
Kd2 Be8 54. Bd6 a5 55. Bc7 a4 56. Bd6 a3 57. Bc7 a2 0-1

[Event "European Youth Chess Championship G16"]
[Site "Prague, Top Hotel Prague"]
[Date "2016.08.26"]
[Round "8.29"]
[White "Tomic, Jelena"]
[Black "Golub, Nikolina"]
[Result "1-0"]
[WhiteElo "1631"]
[BlackElo "1870"]
[PlyCount "91"]
[EventDate "2016.08.18"]

1. e4 c5 2. c3 e6 3. d4 d5 4. exd5 exd5 5. Nf3 Nc6 6. Be2 Bd6 7. Bg5 f6 8. Be3
c4 9. O-O Nge7 10. Qd2 Qc7 11. Ne1 Bxh2+ 12. Kh1 Bd6 13. Bf3 O-O 14. g3 Be6 15.
Ng2 Ng6 16. Qe2 Rae8 17. Nd2 b5 18. Bh5 Bf7 19. f4 f5 20. Nf3 Qe7 21. Ne5 Ngxe5
22. dxe5 Nxe5 23. fxe5 Qxe5 24. Bxf7+ Rxf7 25. Rf3 g5 26. Qf2 g4 27. Bf4 gxf3
28. Bxe5 fxg2+ 29. Kxg2 Rxe5 30. Re1 Rxe1 31. Qxe1 Re7 32. Qf2 Rg7 33. Qxf5
Rxg3+ 34. Kf2 Rd3 35. Qe6+ Kg7 36. Qxd6 Rd2+ 37. Ke3 Rxb2 38. Qxd5 Kg6 39. Qe6+
Kg5 40. Qe7+ Kg6 41. Qxa7 h5 42. Qa3 Rc2 43. Qd6+ Kg5 44. Qf4+ Kg6 45. Qe4+ Kg5
46. Qxc2 1-0

[Event "European Youth Chess Championship G16"]
[Site "Prague, Top Hotel Prague"]
[Date "2016.08.26"]
[Round "8.30"]
[White "Nemeth, Noemi Anna"]
[Black "Ambrozova, Lucie"]
[Result "1-0"]
[WhiteElo "1690"]
[BlackElo "1862"]
[PlyCount "119"]
[EventDate "2016.08.18"]

1. d4 Nf6 2. c4 g6 3. Nc3 d5 4. cxd5 Nxd5 5. Nf3 Bg7 6. Bg5 Nxc3 7. bxc3 O-O 8.
Qb3 c5 9. e3 cxd4 10. exd4 Qc7 11. Rc1 Nc6 12. Be2 h6 13. Be3 Na5 14. Qb4 Rd8
15. O-O Be6 16. c4 Nc6 17. Qd2 g5 18. d5 Bf5 19. Nd4 Nxd4 20. Bxd4 Bxd4 21.
Qxd4 b6 22. Rfe1 Rac8 23. Qe3 Qd6 24. Bh5 e6 25. g4 Bh7 26. Qf3 Rf8 27. Qf6 Qf4
28. Qxf4 gxf4 29. dxe6 fxe6 30. Rxe6 Bd3 31. Rxh6 Bxc4 32. a3 Bd5 33. Rd1 Bf3
34. Re1 Rc3 35. g5 Bxh5 36. Rxh5 Rxa3 37. g6 Kg7 38. Rg5 Kf6 39. Ree5 f3 40. h4
a5 41. Rgf5+ Kg7 42. Re7+ Kg8 43. Rh5 Rf4 44. Rd5 Raa4 45. h5 Rg4+ 46. Kh2 Raf4
47. Rd8+ Rf8 48. Rxf8+ Kxf8 49. Rf7+ Kg8 50. Kh3 Rg1 51. Rxf3 a4 52. Kh4 b5 53.
Ra3 Kg7 54. f4 Kh6 55. Rd3 Rh1+ 56. Kg4 b4 57. Rd7 Rxh5 58. Rh7+ Kxg6 59. Rxh5
b3 60. Rb5 1-0